Classement général Giro 2024 - Statistiques

Statistiques générales
  • Ce quiz a été pris 99 fois
  • Le résultat moyen est 12 sur 20
Statistiques - réponses
Nationalité Équipe Réponse % Correct
Slovène UAE Team Emirates Tadej Pogačar
100%
Britannique INEOS Grenadiers Geraint Thomas
91%
Français Team dsm-firmenich PostNL Romain Bardet
90%
Colombien BORA - hansgrohe Daniel Felipe Martinez
81%
Polonais UAE Team Emirates Rafal Majka
77%
Colombien Movistar Team Nairo Quintana
75%
Australien Decathlon AG2R La Mondiale Team Ben O'Connor
72%
Français Decathlon AG2R La Mondiale Team Valentin Paret-Peintre
68%
Italien Bahrain - Victorious Damiano Caruso
67%
Italien Bahrain - Victorious Antonio Tiberi
61%
Tchèque Soudal Quick-Step Jan Hirt
59%
Néerlandais INEOS Grenadiers Thymen Arensman
59%
Allemand Cofidis Simon Geschke
58%
Australien Tudor Pro Cycling Team Michael Storer
54%
Colombien Movistar Team Einer Augusto Rubio
53%
Italien Team Jayco AlUla Filippo Zana
43%
Italien Astana Qazaqstan Team Lorenzo Fortunato
39%
Italien VF Group - Bardiani CSF - Faizanè Domenico Pozzovivo
30%
Italien Team Polti Kometa Davide Piganzoli
29%
Italien VF Group - Bardiani CSF - Faizanè Luca Covili
15%
Aucun quiz correspondant
Distribution des résultats
% des personnes avec chaque résultat
Percentile par nombre de réponses
Votre historique - résultats
Vous n’avez pas pris ce quiz